Super Mario Sunshine - Statistiques

Statistiques générales
  • Ce quiz a été pris 109 fois
  • Le résultat moyen est 19 sur 33
Statistiques - réponses
Niveaux % Correct
Princesse Peach
89%
Banane
82%
Bowser Jr
82%
Aérobuse
79%
Baie Noki
77%
Village Pianta
77%
Flora Piranha
75%
Port Ricco
74%
Catabuse
73%
Parc Pinna
73%
Collines Bianco
71%
Aéroport
70%
Ananas
70%
Durian
70%
Place Delfino
70%
Turbobuse
70%
Plage Sirena
68%
Mont Corona
67%
Noix de coco
67%
Gelato-Les-Flots
64%
Roi Boo
59%
Papy Champi
55%
Piment
49%
Mecha-Bowser
36%
Anguy
30%
Toad Bleu
29%
Toad Jaune
29%
Toad Rouge
29%
Méga Manta
25%
Toad Violet
23%
Papaye
21%
Arrobuse
15%
Plungelo
1%
Aucun quiz correspondant
Distribution des résultats
% des personnes avec chaque résultat
Percentile par nombre de réponses
Votre historique - résultats
Vous n’avez pas pris ce quiz